Animals That Lived Along Side T. Rex Sudden Death - Statistics

General Stats
  • This quiz has been taken 66 times
  • The average score is 4 of 12
Answers on the Grid
Answers color-coded by a green-red scale on the quiz's grid according to % correct below.
Alamosaurus
Allosaurus
Ankylosaurus
Anzu
Argentinosaurus
Brachiosaurus
Brontosaurus
Carnotaurus
Coelophysis
Deinosuchus
Dimetrodon
Diplodocus
Edmontosaurus
Eoraptor
Fukuiraptor
Giganotosaurus
Leptoceratops
Mosasaurus
Ornithomimus
Pachycephalosaurus
Parasaurolophus
Protoceratops
Pteradactylus
Quetzalcoatlus
Spinosaurus
Stegosaurus
Torosaurus
Triceratops
Tylosaurus
Velociraptor
 
Answer Stats
Answer % Correct
Alamosaurus
61%
Ankylosaurus
61%
Triceratops
50%
Edmontosaurus
39%
Quetzalcoatlus
36%
Leptoceratops
32%
Mosasaurus
32%
Pachycephalosaurus
32%
Anzu
29%
Ornithomimus
29%
Torosaurus
25%
Tylosaurus
21%
No matching quizzes found
Score Distribution
Percent of People with Each Score
Percentile by Number Answered
Your Score History
You have not taken this quiz